| 000 | 00375nam a2200157 a 4500 | ||
|---|---|---|---|
| 001 | 0644 | ||
| 005 | 20140414131848.0 | ||
| 008 | 040202s19uu xx 00 eng d | ||
| 020 | _a1-84135-030-3 | ||
| 050 |
_aM 398.21 _bB62 2000 |
||
| 100 | _aBlyton, Enid | ||
| 245 | _aGoodnight stories. | ||
| 260 |
_aSingapore : _bAward, _c2000. |
||
| 300 | _ap. ; cm. | ||
| 999 |
_c110047 _d110047 |
||